Devo[ra]ciones / (Registro nro. 15203)

Detalles MARC
000 -CABECERA
campo de control de longitud fija 02503nam a2200349 a 4500
001 - NÚMERO DE CONTROL
campo de control 000013799
003 - IDENTIFICADOR DEL NÚMERO DE CONTROL
campo de control DO-SdBPM
005 - FECHA Y HORA DE LA ÚLTIMA TRANSACCIÓN
campo de control 20250624092227.0
008 - DATOS DE LONGITUD FIJA--INFORMACIÓN GENERAL
campo de control de longitud fija 091130s2005 dr 001 e spa d
020 ## - NÚMERO INTERNACIONAL ESTÁNDAR DEL LIBRO
Número Internacional Estándar del Libro 999344233X
040 ## - FUENTE DE LA CATALOGACIÓN
Centro catalogador/agencia de origen DO-SdBPM
Lengua de catalogación spa
Centro/agencia transcriptor BPMSU
Centro/agencia modificador rda
082 #4 - NÚMERO DE LA CLASIFICACIÓN DECIMAL DEWEY
Número de clasificación RD864.44
Número de documento/Ítem S194d 2005
Número de edición 22
100 1# - ENTRADA PRINCIPAL--NOMBRE DE PERSONA
Nombre de persona Sánchez, Enriquillo,
Fechas asociadas al nombre 1947-2004
Término indicativo de función/relación autor
245 10 - MENCIÓN DE TÍTULO
Título Devo[ra]ciones /
Mención de responsabilidad, etc. Enriquillo Sánchez ; editor José M. Fernández Pequeño ; presentación Alejandro Arvelo.
260 ## - PUBLICACIÓN, DISTRIBUCIÓN, ETC.
Nombre del editor, distribuidor, etc.
Fecha de publicación, distribución, etc.
264 ## - PRODUCCIÓN, PUBLICACIÓN, DISTRIBUCIÓN, FABRICACIÓN Y COPYRIGHT
Producción, publicación, distribución, fabricación y copyright Santo Domingo :
Nombre del de productor, editor, distribuidor, fabricante Comisión Permanente de la Feria del Libro,
Fecha de producción, publicación, distribución, fabricación o copyright 2005
300 ## - DESCRIPCIÓN FÍSICA
Extensión 217 páginas. ;
Dimensiones 23 cm.
336 ## - TIPO DE CONTENIDO
Término de tipo de contenido texto
Código de tipo de contenido txt
Fuente rdacontent
337 ## - TIPO DE MEDIO
Nombre/término del tipo de medio sin mediación
Código del tipo de medio n
Fuente rdamedia
338 ## - TIPO DE SOPORTE
Nombre/término del tipo de soporte volumen
Código del tipo de soporte nc
Fuente rdacarrier
490 0# - MENCIÓN DE SERIE
Mención de serie Ediciones Ferilibro
Designación de volumen o secuencia 69
500 ## - NOTA GENERAL
Nota general Incluye datos biográficos del autor en la solapa de la cubierta.
505 0# - NOTA DE CONTENIDO CON FORMATO
Información miscelánea Presentación /
Mención de responsabilidad Alejandro Arvelo --
Título Las devoraciones de un escritor /
Mención de responsabilidad Basilio Beliard --
Título A los lectores de ayer, a los lectores de hoy --
-- ¿Está en peligro el modelo político dominicano? --
-- Contemporáneos del planeta --
-- ¿Realismo mágico urbano? --
-- Los borrachos, los gallos, la noche --
-- Publicidad y "modelo" político --
-- Pedro de América --
-- Consumidores, consumadores --
-- Los cotos cerrados --
-- No llores por mí Argentina --
-- Trujillo: nostalgia, lenguaje, catarsis, confesión --
-- Elogio y lectura de la batata y el concón quemao --
-- Borges, Neruda, García Márquez --
-- De periodismo, malas pulgas y literatura --
-- Centelleantes escolios de autografía poética --
-- Balaguer y los vencidos, Balaguer y la eternidad --
-- El objeto absoluto --
-- La dominicanía --
-- Relámpagos dormidos --
-- Trece tésis sobre la incruenta y discreta muerte de los intelectuales --
-- La sociedad de consumación --
-- Duarte y Trujillo --
-- Flaubert y la escritura --
-- Pedro Henríquez Ureña: entre la persecución y la hagiografía --
-- La yola en el corazón --
-- Condenados a ser dominicanos --
-- París, ese juguete --
-- Boleros, bachatas y tígueres --
-- La lluvia y la literatura --
-- La ley de Hemingway --
-- El zapping a pedir de boca --
-- La ley de Gabo.
590 ## - NOTA LOCAL (RLIN)
Nota local Inventariado, 2025/VM
650 #7 - PUNTO DE ACCESO ADICIONAL DE MATERIA--TÉRMINO DE MATERIA
Término de materia o nombre geográfico como elemento de entrada Ensayos dominicanos
650 #7 - PUNTO DE ACCESO ADICIONAL DE MATERIA--TÉRMINO DE MATERIA
Término de materia o nombre geográfico como elemento de entrada Literatura dominicana.
700 1# - PUNTO DE ACCESO ADICIONAL--NOMBRE DE PERSONA
Nombre de persona Fernández Pequeño, José M.,
Término indicativo de función/relación editor
700 1# - PUNTO DE ACCESO ADICIONAL--NOMBRE DE PERSONA
Nombre de persona Arvelo, Alejandro,
Término indicativo de función/relación presentación
710 2# - PUNTO DE ACCESO ADICIONAL--NOMBRE DE ENTIDAD CORPORATIVA
Nombre de entidad corporativa o nombre de jurisdicción como elemento de entrada República Dominicana.
Unidad subordinada Dirección General de la Ferial del Libro
910 ## - DATOS DE OPCIÓN DEL USUARIO (OCLC)
Datos de opción del usuario VMateo V. Control de calidad BPMSU
942 ## - ELEMENTOS DE PUNTO DE ACCESO ADICIONAL (KOHA)
Fuente del sistema de clasificación o colocación Dewey Decimal Classification
Tipo de ítem Koha Libros
Existencias
Estado de retiro Estado de pérdida Fuente del sistema de clasificación o colocación No para préstamo Código de colección Localización permanente Ubicación/localización actual Fecha de adquisición Total de préstamos Signatura topográfica completa Código de barras Fecha visto por última vez Precio válido a partir de Tipo de ítem Koha
    Dewey Decimal Classification   Colección Dominicana Biblioteca Pública Metropolitana Salomé Ureña Biblioteca Pública Metropolitana Salomé Ureña 06/24/2025   BPMSU CD RD864.44 S194d 2005 BPMSU25060097 06/24/2025 06/24/2025 Libros